Normal view
MARC view
Entry Personal Name
001 - CONTROL NUMBER
- control field: 1171
003 - CONTROL NUMBER IDENTIFIER
- control field: OSt
005 - DATE AND TIME OF LATEST TRANSACTION
- control field: 20230411141914.0
008 - FIXED-LENGTH DATA ELEMENTS
- fixed length control field: 230411|| aca||aabn | a|a d
040 ## - CATALOGING SOURCE
- Original cataloging agency: OSt
- Transcribing agency: OSt
100 ## - HEADING--PERSONAL NAME
- Personal name: Murr, Alice C.
670 ## - SOURCE DATA FOUND
- Source citation: Work cat.: (OSt)0: Doenges, Marilynn E., 1168, Nursing care plans:guidelines for individualizing client care across the life span. /
